• 首页
  • 本馆介绍
  • 公告通知
  • 最新文献
  • 馆藏检索
  • 电子资源
  • 读者导购
  • 参考咨询
  • 我的图书馆
  • 登录
  • 详细信息显示
  • 放入我的书架
  • 预约/预借图书
  • 作者相关作品
  • 分类相关作品
  • 丛书相关作品
  • 出版社相关作品

书目信息

  • 表格格式
  • 工作单格式
  • 卡片格式
题名:
历代避讳字汇典
    
 
作者: 王彦坤 编著
分册:  
出版信息: 北京   中华书局  2012
页数: 12, 635页
开本: 22cm
丛书名:
单 册:
中图分类: H163.3-61
科图分类:
主题词: 汉字--社会习惯语--字典
电子资源:
ISBN: 978-7-101-06995-2
000 00712nam0 2200229 450
001 337988
005 20150529104535.59
010    @a978-7-101-06995-2@b精装@dCNY73.00
100    @a20100111d2009 em y0chiy50 ea
101 0  @achi
102    @aCN@b110000
105    @ay e 000yy
106    @ar
200 1  @a历代避讳字汇典@Ali dai bi hui zi hui dian@f王彦坤编著
210    @a北京@c中华书局@d2012
215    @a12, 635页@d22cm
330    @a本书收录了历代的避讳字, 解答了真实的历史人名、地名、官职名、书名、以及其他各种专名的变异。
606 0  @a汉字@x社会习惯语@j字典
690    @aH163.3-61@v5
701  0 @a王彦坤@Awang yan kun@f(1959)@4编著
801  0 @aCN@b卓展宏图@c20150525
905    @dH163.3-61@e156@f5
    
    历代避讳字汇典/王彦坤编著.-北京:中华书局,2012
    12, 635页;22cm
    
    
    ISBN 978-7-101-06995-2(精装):CNY73.00
    本书收录了历代的避讳字, 解答了真实的历史人名、地名、官职名、书名、以及其他各种专名的变异。
●
相关链接 在E读中查询图书 在五车中查询图书 在当当中查询图书 在豆瓣中查询图书


正题名:历代避讳字汇典     索取号:H163.3-61/156         预约/预借

序号 登录号 条形码 馆藏地/架位号 状态 备注
1 857008   208570081   第二样本阅览室/ [索取号:H163.3-61/156] 在馆    
2 857009   208570090   第四借阅区/ [索取号:H163.3-61/156] 在馆    
3 857010   208570107   第四借阅区/ [索取号:H163.3-61/156] 在馆    
4 857011   208570116   第四借阅区/ [索取号:H163.3-61/156] 在馆    
5 857012   208570125   密集书库-文学院/ [索取号:H163.3-61/156] 在馆    
唐山师范学院图书馆 欢迎您!
大连网信软件有限公司© 版权所有